10 mai 1968. Manifestation théâtrale en trois points et un schéma

Salvato in:
Dettagli Bibliografici
Autore principale: Goustine, Luc de (Autore)
Natura: Libro
Lingua:spagnolo
Pubblicazione: París Du Seuil 1968
Serie:Théatre
Soggetti:
Tags: Aggiungi Tag
Nessun Tag, puoi essere il primo ad aggiungerne!!

MARC

LEADER 00000nam a2200000 a 4500
001 UCU1242
003 CL-VaPUC
008 960329e19680000FR |||||||||||||||||spa|d
082 0 4 |a 842  |b GOU  |2 21 
100 0 |a Goustine, Luc de  |e author  |9 356846 
245 1 0 |a 10 mai 1968. Manifestation théâtrale en trois points et un schéma 
300 |a 61 p 
942 |c BK 
945 |d 19960329 00:00:00  |a paguirre 
260 |a París  |b Du Seuil  |c 1968 
650 0 |a Teatro francés  |9 265089 
650 0 |a Literatura francesa  |9 266330 
583 |a last modification  |c 19960329 00:00:00  |k Rodrigo Vera 
490 0 |a Théatre 
999 |c 245928  |d 245926 
952 |0 0  |1 0  |4 0  |6 842_000000000000000_GOU_1968  |7 0  |8 P  |9 260559  |a BIBEDU  |b BIBEDU  |d 2019-11-19  |i 2015013  |o 842 GOU 1968  |p 2015013  |r 2019-11-19  |w 2019-11-19  |y BK  |k EDU